[Event "Catalunya-chT Gp1"]
[Site "Barcelona"]
[Date "2024.02.10"]
[Round "4.1"]
[White "Edouard, Romain"]
[Black "Gonzalez Garcia, Jose"]
[Result "1/2-1/2"]
[WhiteElo "2527"]
[BlackElo "2451"]
[PlyCount "172"]
[EventDate "2024.01.20"]
[EventType "team-tourn"]
[EventRounds "7"]
[EventCountry "ESP"]
[SourceTitle "CB11_2024"]
[SourceDate "2024.03.13"]
[SourceVersion "1"]
[SourceVersionDate "2024.03.13"]
[SourceQuality "1"]
[WhiteTeam "Tres Peons"]
[BlackTeam "Ateneu Colon"]
[WhiteTeamCountry "ESP"]
[BlackTeamCountry "ESP"]

1. d4 Nf6 2. c4 e6 3. Nc3 d5 4. cxd5 exd5 5. Bg5 c6 6. e3 Be7 7. Bd3 Nbd7 8. Nge2 h6 9. Bh4 Nh5 10. Bxe7 Qxe7 11. Qc2 Nb6 12. h3 Nf6 13. 0-0-0 Bd7 14. Kb1 0-0-0 15. Nc1 Kb8 16. Nb3 Be6 17. f3 Nfd7 18. Rhe1 c5 19. dxc5 Nxc5 20. Nxc5 Qxc5 21. Qf2 Ka8 22. Qg3 g5 23. Rc1 Nc4 24. b3 Qb4 25. Ka1 Qd6 26. f4 Nxe3 27. Nb5 gxf4 28. Qg7 Qb6 29. Nc7+ Kb8 30. Qf6 Bf5 31. Qxb6 axb6 32. Bxf5 Nxf5 33. Nb5 Rhe8 34. Rf1 Ng3 35. Rf3 d4 36. Rd1 Ne2 37. Rd2 Re4 38. Rfd3 Rd5 39. a4 Nc1 40. Rf3 Re3 41. Rd1 Nxb3+ 42. Ka2 Nc5 43. Rxf4 Nxa4 44. Rdxd4 Rxb5 45. Rxa4 Re2+ 46. Ka3 Re3+ 47. Ka2 Rg5 48. g4 Rd5 49. Rab4 Rxh3 50. Rxf7 Ka7 51. Rf6 b5 52. Rg6 Rh2+ 53. Ka3 Rh4 54. Re4 Rg5 55. Rge6 b6 56. Rd4 Ka6 57. Rdd6 Rh3+ 58. Kb2 h5 59. gxh5 Rg2+ 60. Kc1 Rh1+ 61. Rd1 Rxh5 62. Re3 b4 63. Rde1 Rhh2 64. Re5 Ra2 65. Kb1 Rhb2+ 66. Kc1 Rb3 67. R1e4 Rh2 68. Re1 Ra3 69. Kb1 Rg2 70. R1e4 Rf3 71. Re1 Rff2 72. Ka1 b5 73. Re8 b3 74. R8e3 Ra2+ 75. Kb1 Rgb2+ 76. Kc1 Rc2+ 77. Kb1 Rcb2+ 78. Kc1 Ka5 79. Rh1 Ka4 80. Re8 Rc2+ 81. Kb1 Ka3 82. Ra8+ Kb4 83. Rxa2 Rxa2 84. Rh8 Rg2 85. Rf8 Rg4 86. Kb2 Rg2+ 1/2-1/2

[Event "Hastings Masters op"]
[Site "Hastings"]
[Date "2023.12.31"]
[Round "4"]
[White "Boswell, Jacob Connor"]
[Black "Edouard, Romain"]
[Result "1/2-1/2"]
[WhiteElo "2235"]
[BlackElo "2527"]
[PlyCount "74"]
[EventDate "2023.12.28"]
[EventType "swiss"]
[EventRounds "9"]
[EventCountry "ENG"]
[SourceTitle "CB02_2024"]
[SourceDate "2024.01.10"]
[SourceVersion "1"]
[SourceVersionDate "2024.01.10"]
[SourceQuality "1"]

1. d4 Nf6 2. c4 e6 3. Nf3 b6 4. g3 Bb7 5. Bg2 Be7 6. 0-0 0-0 7. Nc3 Ne4 8. Re1 Nxc3 9. bxc3 f5 10. Bf1 Bf6 11. Bb2 d6 12. Nd2 e5 13. e4 f4 14. Bh3 Bc8 15. Bxc8 Qxc8 16. gxf4 Qh3 17. f5 g6 18. Re3 Qh6 19. Qg4 Nc6 20. Nb3 Ne7 21. Rh3 Qg7 22. fxg6 Nxg6 23. Kh1 Be7 24. Rf1 Rf4 25. Qe6+ Kh8 26. Bc1 Rg8 27. Rg3 Rxe4 28. Be3 Bh4 29. Rgg1 Qf8 30. Nd2 Rf4 31. Bxf4 Qxf4 32. Rg4 Qxd2 33. Rxh4 Nxh4 34. Qf6+ Rg7 35. Qf8+ Rg8 36. Qf6+ Rg7 37. Qf8+ Rg8 1/2-1/2

[Event "FRA-ch 96th"]
[Site "L'Alpe d'Huez"]
[Date "2023.08.25"]
[Round "4.1"]
[White "Edouard, Romain"]
[Black "Gozzoli, Yannick"]
[Result "1/2-1/2"]
[WhiteElo "2514"]
[BlackElo "2564"]
[PlyCount "31"]
[EventDate "2023.08.18"]
[EventType "k.o."]
[EventRounds "4"]
[EventCountry "FRA"]
[SourceTitle "EXT 2024"]
[Source "ChessBase"]
[SourceDate "2023.10.10"]
[SourceVersion "1"]
[SourceVersionDate "2023.10.10"]
[SourceQuality "1"]

1. Nf3 Nf6 2. g3 d5 3. Bg2 e6 4. 0-0 Be7 5. d3 0-0 6. Nbd2 Nc6 7. e4 dxe4 8. dxe4 e5 9. Qe2 Bc5 10. c3 a5 11. Nc4 Qe7 12. Ne3 Bxe3 13. Qxe3 a4 14. Nh4 Be6 15. Qe2 Rfd8 16. Nf5 1/2-1/2

[Event "FRA-ch 96th"]
[Site "L'Alpe d'Huez"]
[Date "2023.08.24"]
[Round "3.4"]
[White "Edouard, Romain"]
[Black "Lagarde, Maxime"]
[Result "1-0"]
[WhiteElo "2514"]
[BlackElo "2600"]
[PlyCount "101"]
[EventDate "2023.08.18"]
[EventType "k.o."]
[EventRounds "4"]
[EventCountry "FRA"]
[SourceTitle "EXT 2024"]
[Source "ChessBase"]
[SourceDate "2023.10.10"]
[SourceVersion "1"]
[SourceVersionDate "2023.10.10"]
[SourceQuality "1"]

1. Nf3 Nf6 2. g3 e6 3. Bg2 Be7 4. 0-0 0-0 5. d3 d5 6. Nbd2 c5 7. e4 Nc6 8. Qe2 b5 9. e5 Nd7 10. Re1 b4 11. h4 a5 12. Nf1 Ba6 13. c4 bxc3 14. bxc3 Ndxe5 15. Nxe5 Nxe5 16. Qxe5 Bf6 17. Qe2 Bxc3 18. Bb2 Bxe1 19. Rxe1 Rb8 20. Be5 Rb6 21. Bc3 Rd6 22. Qd2 a4 23. d4 Bxf1 24. Bxf1 c4 25. Bb4 Rb6 26. Bxf8 Qxf8 27. Re3 Rb4 28. Be2 Qb8 29. a3 Rb3 30. Bd1 Rxe3 31. Qxe3 Qb1 32. Qd2 Qa1 33. Qc2 Qxa3 34. Qxa4 Qf8 35. h5 g6 36. Kg2 Qe7 37. Qb5 Kg7 38. Qb8 gxh5 39. Qe5+ f6 40. Qxh5 f5 41. Qh4 Qf8 42. Qg5+ Kh8 43. Ba4 Qf7 44. f4 c3 45. Qd8+ Kg7 46. Qg5+ Kf8 47. Qd8+ Kg7 48. Qd6 Qa7 49. Bd7 Qa2+ 50. Kh3 Qe2 51. Qe7+ 1-0

[Event "FRA-ch 96th"]
[Site "L'Alpe d'Huez"]
[Date "2023.08.24"]
[Round "3.6"]
[White "Edouard, Romain"]
[Black "Lagarde, Maxime"]
[Result "1-0"]
[WhiteElo "2514"]
[BlackElo "2600"]
[PlyCount "139"]
[EventDate "2023.08.18"]
[EventType "k.o."]
[EventRounds "4"]
[EventCountry "FRA"]
[SourceTitle "EXT 2024"]
[Source "ChessBase"]
[SourceDate "2023.10.10"]
[SourceVersion "1"]
[SourceVersionDate "2023.10.10"]
[SourceQuality "1"]

1. Nf3 Nf6 2. g3 g6 3. Bg2 Bg7 4. c4 c6 5. 0-0 0-0 6. b3 Ne4 7. d4 d5 8. Bb2 a5 9. Nc3 Bf5 10. Ne5 Nxc3 11. Bxc3 Be6 12. c5 Nd7 13. Nd3 Bf5 14. f4 Bxd3 15. Qxd3 f5 16. Rfb1 Nf6 17. b4 Ne4 18. Bxe4 fxe4 19. Qd2 a4 20. b5 Qd7 21. bxc6 bxc6 22. Rb6 Rf6 23. Rab1 Raf8 24. e3 g5 25. Rb7 Qe6 26. Qe2 Rg6 27. Kh1 gxf4 28. exf4 Bf6 29. Rc7 Qh3 30. Qg2 Qf5 31. Rxc6 h5 32. Rcb6 h4 33. c6 Kf7 34. Rb8 Rc8 35. Rxc8 Qxc8 36. Rb6 Bg7 37. Qe2 hxg3 38. Qh5 g2+ 39. Kg1 e6 40. f5 exf5 41. c7 Bf6 42. Qh7+ Rg7 43. Qh5+ Rg6 44. Rc6 Qb7 45. Qxg6+ Kxg6 46. c8Q Qb1+ 47. Kxg2 Qc2+ 48. Kf1 Qd3+ 49. Ke1 Qb1+ 50. Kd2 Qxa2+ 51. Kc1 Qa3+ 52. Bb2 Qe3+ 53. Kb1 Qd3+ 54. Ka1 a3 55. Qe8+ Kg5 56. Bc1+ f4 57. Qg8+ Kh4 58. Qh7+ Kg4 59. Qd7+ Kg5 60. Bxf4+ Kxf4 61. Rxf6+ Ke3 62. Qh3+ Kxd4 63. Qxd3+ Kxd3 64. h4 e3 65. h5 d4 66. h6 Kc2 67. Rc6+ Kb3 68. h7 e2 69. Re6 d3 70. h8Q 1-0

[Event "FRA-ch 96th"]
[Site "L'Alpe d'Huez"]
[Date "2023.08.21"]
[Round "2.3"]
[White "Edouard, Romain"]
[Black "Maze, Sebastien"]
[Result "1-0"]
[WhiteElo "2514"]
[BlackElo "2546"]
[PlyCount "91"]
[EventDate "2023.08.18"]
[EventType "k.o."]
[EventRounds "4"]
[EventCountry "FRA"]
[SourceTitle "EXT 2024"]
[Source "ChessBase"]
[SourceDate "2023.10.10"]
[SourceVersion "1"]
[SourceVersionDate "2023.10.10"]
[SourceQuality "1"]

1. Nf3 Nf6 2. g3 c5 3. Bg2 Nc6 4. 0-0 e5 5. c4 d5 6. Qa4 Bd7 7. cxd5 Nd4 8. Qd1 Nxf3+ 9. Bxf3 h5 10. Nc3 h4 11. e3 hxg3 12. fxg3 c4 13. b3 Rc8 14. bxc4 Rxc4 15. Qb3 Qc8 16. Ba3 Ng4 17. d6 Be6 18. Bxb7 Qd7 19. Bd5 Rc8 20. Bxe6 fxe6 21. Nb5 Nf6 22. Qb2 a6 23. Nc7+ Kf7 24. d4 exd4 25. Rad1 Bxd6 26. Rxd4 Qxc7 27. Bxd6 Qc2 28. Rd2 Qe4 29. Qe5 Qxe5 30. Bxe5 Kg6 31. Rd6 Rc2 32. h4 Ng4 33. Rxe6+ Kh7 34. Bd4 Rxa2 35. Re7 Rg8 36. Rff7 Kh6 37. Bxg7+ Kg6 38. Bd4 Nh6 39. Rf6+ Kh5 40. Re5+ Kg4 41. Rxh6 Rc8 42. Rc5 Rb8 43. Rb6 Rf8 44. Rb2 Rxb2 45. Bxb2 Kxg3 46. h5 1-0

[Event "FRA-ch 96th"]
[Site "L'Alpe d'Huez"]
[Date "2023.08.21"]
[Round "2.7"]
[White "Edouard, Romain"]
[Black "Maze, Sebastien"]
[Result "1-0"]
[WhiteElo "2514"]
[BlackElo "2546"]
[PlyCount "91"]
[EventDate "2023.08.18"]
[EventType "k.o."]
[EventRounds "4"]
[EventCountry "FRA"]
[SourceTitle "EXT 2024"]
[Source "ChessBase"]
[SourceDate "2023.10.10"]
[SourceVersion "1"]
[SourceVersionDate "2023.10.10"]
[SourceQuality "1"]

1. Nf3 Nf6 2. c4 g6 3. b3 Bg7 4. Bb2 d6 5. g3 e5 6. d3 0-0 7. Bg2 Nc6 8. 0-0 Re8 9. e4 Bg4 10. h3 Bxf3 11. Qxf3 Nd7 12. Qd1 Nc5 13. Nc3 Nb4 14. Nd5 Nbxd3 15. Bc3 c6 16. Ne3 a5 17. a3 Bh6 18. Rb1 Bxe3 19. fxe3 Qg5 20. Qf3 Rf8 21. h4 Qh6 22. Qe2 f5 23. exf5 e4 24. f6 Rae8 25. Kh2 Ne5 26. Rf4 Nf3+ 27. Bxf3 exf3 28. Qxf3 Rf7 29. Rd1 Re6 30. Kh3 Qf8 31. g4 Qe8 32. Re1 Ne4 33. Bd4 c5 34. Bb2 Qc6 35. Rf1 h6 36. Kh2 Qe8 37. Rd1 b6 38. Rd5 Kh7 39. h5 g5 40. Rxe4 Rxe4 41. Qf5+ Kh8 42. Qg6 Rxe3 43. Qxh6+ Kg8 44. Qxg5+ Kh8 45. Qh6+ Rh7 46. f7+ 1-0

[Event "FRA-ch 96th"]
[Site "L'Alpe d'Huez"]
[Date "2023.08.20"]
[Round "2.1"]
[White "Edouard, Romain"]
[Black "Maze, Sebastien"]
[Result "1/2-1/2"]
[WhiteElo "2514"]
[BlackElo "2546"]
[PlyCount "88"]
[EventDate "2023.08.18"]
[EventType "k.o."]
[EventRounds "4"]
[EventCountry "FRA"]
[SourceTitle "EXT 2024"]
[Source "ChessBase"]
[SourceDate "2023.10.10"]
[SourceVersion "1"]
[SourceVersionDate "2023.10.10"]
[SourceQuality "1"]

1. Nf3 Nf6 2. g3 c5 3. Bg2 Nc6 4. d4 cxd4 5. Nxd4 e5 6. Nb3 d5 7. Bg5 Be6 8. 0-0 Be7 9. Bxf6 Bxf6 10. c4 d4 11. Nc5 Bc8 12. Qa4 Qb6 13. b4 0-0 14. Nd3 Bf5 15. Nd2 a6 16. a3 Rfe8 17. Nc5 Bc8 18. Nde4 Ra7 19. Nxf6+ gxf6 20. Ne4 Kg7 21. c5 Qc7 22. Qc2 Rd8 23. Nd6 Ne7 24. Rac1 b6 25. e3 bxc5 26. bxc5 dxe3 27. fxe3 Be6 28. Qa4 Qd7 29. Qh4 Ng8 30. Rxf6 Nxf6 31. Qg5+ Kf8 32. Qxf6 Rc7 33. Qh8+ Ke7 34. Qxe5 f6 35. Qf4 Rxc5 36. Rxc5 Qxd6 37. Rc7+ Rd7 38. Rc6 Qxf4 39. exf4 Rd1+ 40. Kf2 Rd2+ 41. Kf1 Ra2 42. Rc3 Ra1+ 43. Kf2 Ra2+ 44. Kg1 Ra1+ 1/2-1/2

[Event "FRA-ch 96th"]
[Site "L'Alpe d'Huez"]
[Date "2023.08.18"]
[Round "1.1"]
[White "Moussard, Jules"]
[Black "Edouard, Romain"]
[Result "1/2-1/2"]
[WhiteElo "2661"]
[BlackElo "2514"]
[PlyCount "64"]
[EventDate "2023.08.18"]
[EventType "k.o."]
[EventRounds "4"]
[EventCountry "FRA"]
[SourceTitle "EXT 2024"]
[Source "ChessBase"]
[SourceDate "2023.10.10"]
[SourceVersion "1"]
[SourceVersionDate "2023.10.10"]
[SourceQuality "1"]

1. e4 e6 2. d4 d5 3. Nc3 Nf6 4. e5 Nfd7 5. f4 c5 6. Nf3 Nc6 7. Be3 cxd4 8. Nxd4 Qb6 9. Qd2 Qxb2 10. Rb1 Qa3 11. Bb5 Nxd4 12. Bxd4 a6 13. Bxd7+ Bxd7 14. Rb3 Qe7 15. Rxb7 Qd8 16. Bb6 Qc8 17. Rc7 Qd8 18. Qe3 Rc8 19. Rxc8 Qxc8 20. Qd4 Bb5 21. Nxb5 axb5 22. 0-0 Qc4 23. Rb1 Qxd4+ 24. Bxd4 b4 25. Kf1 Kd7 26. c3 bxc3 27. Rb7+ Kc6 28. Rb6+ Kd7 29. Ke2 Ba3 30. Kd3 Ra8 31. Kxc3 Kc7 32. Rb1 Ra4 1/2-1/2

[Event "SUI-chT"]
[Site "Switzerland"]
[Date "2023.04.16"]
[Round "1.2"]
[White "Kurmann, Oliver"]
[Black "Edouard, Romain"]
[Result "1/2-1/2"]
[WhiteElo "2481"]
[BlackElo "2643"]
[PlyCount "60"]
[EventDate "2023.04.16"]
[EventType "team-tourn"]
[EventRounds "9"]
[EventCountry "SUI"]
[SourceTitle "CBM 213 Extra"]
[Source "ChessBase"]
[SourceDate "2023.05.31"]
[SourceVersion "1"]
[SourceVersionDate "2023.05.31"]
[SourceQuality "1"]
[WhiteTeam "Luzern"]
[BlackTeam "Geneve"]
[WhiteTeamCountry "SUI"]
[BlackTeamCountry "SUI"]

1. e4 e6 2. d4 d5 3. Nc3 Bb4 4. Nge2 dxe4 5. a3 Be7 6. Nxe4 Nf6 7. Nxf6+ Bxf6 8. Be3 b6 9. Nf4 Bb7 10. Nh5 Nc6 11. Qg4 g6 12. Nxf6+ Qxf6 13. 0-0-0 h6 14. Bb5 0-0-0 15. d5 Ne5 16. Qf4 Qf5 17. Qxf5 exf5 18. Bd4 Rxd5 19. c4 Rxd4 20. Rxd4 Bxg2 21. Ba6+ Bb7 22. Bxb7+ Kxb7 23. h3 f4 24. Rhd1 g5 25. Rd8 Rh7 26. b3 f6 27. Rf8 Nd7 28. Rd8 Ne5 29. Rf8 Nd7 30. Rd8 Ne5 1/2-1/2

[Event "Djerba Masters playoff"]
[Site "Djerba"]
[Date "2023.02.21"]
[Round "2"]
[White "Lagarde, Maxime"]
[Black "Edouard, Romain"]
[Result "1-0"]
[WhiteElo "2580"]
[BlackElo "2532"]
[PlyCount "59"]
[EventDate "2023.02.21"]
[EventType "match (blitz)"]
[EventRounds "2"]
[EventCountry "TUN"]
[SourceTitle "CBM 212 Extra"]
[Source "ChessBase"]
[SourceDate "2023.03.31"]
[SourceVersion "1"]
[SourceVersionDate "2023.03.31"]
[SourceQuality "1"]

1. e4 c5 2. Nc3 g6 3. h4 h5 4. d4 cxd4 5. Qxd4 Nf6 6. Bg5 Nc6 7. Qd2 Bg7 8. 0-0-0 d6 9. f3 a6 10. Nge2 b5 11. Kb1 Rb8 12. Nd5 Nxd5 13. exd5 Ne5 14. Nd4 Bb7 15. f4 Nc4 16. Bxc4 bxc4 17. Rhe1 0-0 18. Bxe7 Qb6 19. Bxf8 Kxf8 20. c3 Bxd5 21. f5 Be5 22. fxg6 fxg6 23. Re2 Qb7 24. Qg5 Be4+ 25. Ka1 Bd3 26. Rf2+ Kg7 27. Rxd3 cxd3 28. Nf5+ Kh8 29. Ne7 Bxc3 30. Qh6# 1-0

[Event "Catalunya-chT Gp1"]
[Site "Barcelona"]
[Date "2023.02.04"]
[Round "3.1"]
[White "Alsina Leal, Daniel"]
[Black "Edouard, Romain"]
[Result "1/2-1/2"]
[WhiteElo "2520"]
[BlackElo "2537"]
[PlyCount "63"]
[EventDate "2023.01.21"]
[EventType "team-tourn"]
[EventRounds "7"]
[EventCountry "ESP"]
[SourceTitle "CBM 213 Extra"]
[Source "ChessBase"]
[SourceDate "2023.05.31"]
[SourceVersion "1"]
[SourceVersionDate "2023.05.31"]
[SourceQuality "1"]
[WhiteTeam "Barbera"]
[BlackTeam "Valls"]
[WhiteTeamCountry "ESP"]
[BlackTeamCountry "ESP"]

1. e4 c5 2. Nf3 d6 3. d4 cxd4 4. Nxd4 Nf6 5. Nc3 Nc6 6. Bg5 g6 7. Bxf6 exf6 8. Bb5 Bd7 9. Qd2 Bg7 10. 0-0-0 0-0 11. Nb3 a6 12. Be2 Qb6 13. Qxd6 Be6 14. Qc5 Qc7 15. Nd5 Qe5 16. Nb6 Qf4+ 17. Nd2 Rad8 18. g3 Qb8 19. Bc4 Rfe8 20. Bxe6 Rxe6 21. Nd5 f5 22. f3 b5 23. Nf4 Red6 24. Nb3 Nd4 25. Nxd4 Bxd4 26. Qa3 fxe4 27. fxe4 R6d7 28. Qf3 Bg7 29. Rxd7 Rxd7 30. Rd1 Re7 31. Nd5 Re6 32. Rf1 1/2-1/2

[Event "Hastings Masters op"]
[Site "Hastings"]
[Date "2023.01.05"]
[Round "9"]
[White "Ledger, Andrew"]
[Black "Edouard, Romain"]
[Result "0-1"]
[WhiteElo "2314"]
[BlackElo "2537"]
[PlyCount "58"]
[EventDate "2022.12.28"]
[EventType "swiss"]
[EventRounds "10"]
[EventCountry "ENG"]
[SourceTitle "CBM 213 Extra"]
[Source "ChessBase"]
[SourceDate "2023.05.31"]
[SourceVersion "1"]
[SourceVersionDate "2023.05.31"]
[SourceQuality "1"]

1. d4 f5 2. Nc3 Nf6 3. Bg5 d5 4. e3 e6 5. Nf3 Be7 6. Bd3 0-0 7. 0-0 c5 8. dxc5 Bxc5 9. Na4 Bd6 10. c4 e5 11. Be2 dxc4 12. Bxc4+ Kh8 13. Rc1 h6 14. Bxf6 Qxf6 15. g3 Nc6 16. Nc3 e4 17. Nd5 Qxb2 18. Nh4 Kh7 19. Bb3 g5 20. Nc3 Be5 21. f4 Bxc3 22. fxg5 Bd2 23. Qh5 Bxe3+ 24. Kh1 Bxg5 25. Rxc6 bxc6 26. Qg6+ Kh8 27. Qxc6 Qf6 28. Qxa8 Bxh4 29. gxh4 Ba6 0-1

[Event "Hastings Masters op"]
[Site "Hastings"]
[Date "2022.12.28"]
[Round "1"]
[White "Wilks, Simon"]
[Black "Edouard, Romain"]
[Result "1/2-1/2"]
[WhiteElo "2072"]
[BlackElo "2537"]
[PlyCount "130"]
[EventDate "2022.12.28"]
[EventType "swiss"]
[EventRounds "10"]
[EventCountry "ENG"]
[SourceTitle "CBM 212 Extra"]
[Source "ChessBase"]
[SourceDate "2023.03.31"]
[SourceVersion "1"]
[SourceVersionDate "2023.03.31"]
[SourceQuality "1"]

1. e4 e6 2. d4 d5 3. Nc3 Nf6 4. Bg5 dxe4 5. Nxe4 Be7 6. Bxf6 gxf6 7. Nf3 a6 8. g3 f5 9. Nc3 b5 10. Bg2 Bb7 11. 0-0 Qd6 12. Re1 Nd7 13. Qe2 Nb6 14. Rad1 b4 15. Nb1 h5 16. Nbd2 h4 17. c4 bxc3 18. bxc3 hxg3 19. hxg3 c5 20. Nc4 Nxc4 21. Qxc4 Rd8 22. Ne5 Bxg2 23. Kxg2 Qd5+ 24. Qxd5 Rxd5 25. Nc6 cxd4 26. Rxd4 Rxd4 27. cxd4 Bd6 28. d5 Rh6 29. Nd4 Kd7 30. Rb1 Bc5 31. dxe6+ fxe6 32. Nb3 Bb6 33. Nd2 Kc6 34. Nc4 Bc7 35. Rc1 Rh7 36. Kf3 Kb5 37. Nb2 e5 38. Nc4 e4+ 39. Ke2 Rh2 40. Na3+ Kb6 41. Nc4+ Kb7 42. Ke3 Bb8 43. Rf1 Kc6 44. Na5+ Kd7 45. Rd1+ Ke6 46. Nc6 Bc7 47. Nd4+ Ke5 48. f4+ Kf6 49. Rc1 Ba5 50. Rc6+ Kf7 51. Nxf5 Rxa2 52. Kxe4 Bd2 53. Nd6+ Ke7 54. Nc4 Bc1 55. Kf5 a5 56. Nb6 Ra1 57. g4 a4 58. Nxa4 Bxf4 59. Kxf4 Rxa4+ 60. Kf5 Kf7 61. Rc7+ Kg8 62. g5 Ra6 63. Kg4 Rb6 64. Kh5 Ra6 65. g6 Ra1 1/2-1/2

[Event "Bundesliga 2223"]
[Site "Germany"]
[Date "2022.11.27"]
[Round "4.4"]
[White "Koelle, Tobias"]
[Black "Edouard, Romain"]
[Result "0-1"]
[WhiteElo "2439"]
[BlackElo "2554"]
[PlyCount "62"]
[EventDate "2022.10.21"]
[EventType "team-tourn"]
[EventRounds "15"]
[EventCountry "GER"]
[SourceTitle "CBM 211"]
[Source "ChessBase"]
[SourceDate "2022.12.31"]
[SourceVersion "1"]
[SourceVersionDate "2022.12.31"]
[SourceQuality "1"]
[WhiteTeam "Schoenaich"]
[BlackTeam "Werder Bremen"]
[WhiteTeamCountry "GER"]
[BlackTeamCountry "GER"]

1. d4 Nf6 2. c4 e6 3. Nf3 d5 4. Nc3 a6 5. cxd5 exd5 6. Bg5 Be6 7. e3 Nbd7 8. Bd3 c6 9. 0-0 Bd6 10. Bf4 Qb8 11. Qd2 h6 12. h3 g5 13. Bxd6 Qxd6 14. Nh2 Rg8 15. b4 h5 16. a4 g4 17. hxg4 hxg4 18. g3 Rh8 19. b5 c5 20. bxa6 bxa6 21. dxc5 Qxc5 22. Rac1 Qf8 23. e4 Ne5 24. f4 Qh6 25. exd5 Nxd3 26. dxe6 Nxc1 27. exf7+ Kxf7 28. Rxc1 Rac8 29. Rc2 Qxh2+ 30. Qxh2 Rxh2 31. Kxh2 Ne4 0-1

[Event "Cap d'Agde Express Poule-A"]
[Site "Cap d'Agde"]
[Date "2022.11.05"]
[Round "4"]
[White "Edouard, Romain"]
[Black "Dardha, Daniel"]
[Result "0-1"]
[WhiteElo "2548"]
[BlackElo "2609"]
[PlyCount "68"]
[EventDate "2022.11.05"]
[EventType "tourn (blitz)"]
[EventRounds "7"]
[EventCountry "FRA"]
[EventCategory "12"]
[SourceTitle "EXT 2024"]
[Source "ChessBase"]
[SourceDate "2023.10.10"]
[SourceVersion "1"]
[SourceVersionDate "2023.10.10"]
[SourceQuality "1"]

1. c4 e5 2. d3 g6 3. Nc3 Bg7 4. g3 Ne7 5. Bg2 c6 6. e4 0-0 7. Nge2 a6 8. 0-0 b5 9. f4 bxc4 10. dxc4 d6 11. Be3 a5 12. c5 exf4 13. gxf4 dxc5 14. Bxc5 Qc7 15. Kh1 Rd8 16. Qb3 Be6 17. Qa3 Nc8 18. f5 Bc4 19. f6 Bf8 20. Bxf8 Rxf8 21. Qc5 Bxe2 22. Qg5 Nd7 23. Nxe2 Qe5 24. Rf5 Qxb2 25. Re1 Nd6 26. Rxa5 Qb4 27. Rf1 Rxa5 28. Qh6 Nxf6 29. Rxf6 Nxe4 30. Rf1 Rxa2 31. Qe3 Re8 32. Qf3 Re7 33. Nc1 Rf2 34. Rxf2 Nxf2+ 0-1

[Event "Cap d'Agde Express Poule-A"]
[Site "Cap d'Agde"]
[Date "2022.11.05"]
[Round "6"]
[White "Edouard, Romain"]
[Black "David, Alberto"]
[Result "1-0"]
[WhiteElo "2548"]
[BlackElo "2517"]
[PlyCount "57"]
[EventDate "2022.11.05"]
[EventType "tourn (blitz)"]
[EventRounds "7"]
[EventCountry "FRA"]
[EventCategory "12"]
[SourceTitle "EXT 2024"]
[Source "ChessBase"]
[SourceDate "2023.10.10"]
[SourceVersion "1"]
[SourceVersionDate "2023.10.10"]
[SourceQuality "1"]

1. d4 Nf6 2. Bf4 b6 3. Nc3 Bb7 4. f3 d5 5. e4 dxe4 6. Bb5+ c6 7. Bc4 e6 8. fxe4 Bb4 9. Qd3 c5 10. d5 exd5 11. exd5 0-0 12. 0-0-0 a6 13. a3 Bxc3 14. Qxc3 b5 15. Ba2 c4 16. Be5 Nbd7 17. Bd4 Bxd5 18. Ne2 Qc7 19. Rhf1 Rad8 20. Ng3 Be6 21. Rde1 Rfe8 22. Bxf6 Nxf6 23. Rxf6 gxf6 24. Nh5 Qxh2 25. Nxf6+ Kf8 26. Qe3 Kg7 27. Qg5+ Kf8 28. c3 h6 29. Nh7# 1-0

[Event "Cap d'Agde Express Poule-A"]
[Site "Cap d'Agde"]
[Date "2022.11.05"]
[Round "2"]
[White "Edouard, Romain"]
[Black "Sebag, Marie"]
[Result "0-1"]
[WhiteElo "2548"]
[BlackElo "2430"]
[PlyCount "72"]
[EventDate "2022.11.05"]
[EventType "tourn (blitz)"]
[EventRounds "7"]
[EventCountry "FRA"]
[EventCategory "12"]
[SourceTitle "EXT 2024"]
[Source "ChessBase"]
[SourceDate "2023.10.10"]
[SourceVersion "1"]
[SourceVersionDate "2023.10.10"]
[SourceQuality "1"]

1. c4 c6 2. e4 d5 3. cxd5 cxd5 4. exd5 Nf6 5. Nc3 Nxd5 6. Nf3 Nc6 7. Bb5 g6 8. Qa4 Nb6 9. Qh4 Bg7 10. 0-0 0-0 11. Bxc6 bxc6 12. d4 e6 13. Qg3 Nd5 14. Ne4 Qb6 15. h4 Ba6 16. Re1 Nb4 17. Nc5 Nc2 18. Bf4 Nxa1 19. Rxa1 Rad8 20. Re1 Rd5 21. Bc7 Qb5 22. a4 Qc4 23. b3 Qc3 24. Nxa6 Bxd4 25. Re4 Bg7 26. Nb4 Rd1+ 27. Kh2 Qc1 28. Qg5 Rh1+ 29. Kg3 Qb1 30. Re3 h6 31. Qc5 f5 32. Rxe6 Qxb3 33. Rxg6 Qf7 34. Ne5 Qxc7 35. Nbxc6 Kh7 36. Rd6 f4+ 0-1

[Event "Cap d'Agde Express Poule-A"]
[Site "Cap d'Agde"]
[Date "2022.11.05"]
[Round "1"]
[White "Pourramezanali, Amirreza"]
[Black "Edouard, Romain"]
[Result "1-0"]
[WhiteElo "2509"]
[BlackElo "2548"]
[PlyCount "59"]
[EventDate "2022.11.05"]
[EventType "tourn (blitz)"]
[EventRounds "7"]
[EventCountry "FRA"]
[EventCategory "12"]
[SourceTitle "EXT 2024"]
[Source "ChessBase"]
[SourceDate "2023.10.10"]
[SourceVersion "1"]
[SourceVersionDate "2023.10.10"]
[SourceQuality "1"]

1. d4 e6 2. Bf4 b6 3. e3 Bb7 4. Nf3 g6 5. Nbd2 Bg7 6. Be2 Ne7 7. 0-0 0-0 8. a4 a6 9. a5 b5 10. c4 bxc4 11. Nxc4 d6 12. Rc1 Nbc6 13. h3 Rb8 14. Bh2 Nf5 15. Qa4 Nce7 16. Ncd2 Rc8 17. Rc2 c5 18. dxc5 Rxc5 19. Rxc5 dxc5 20. Nc4 Bc6 21. Qa3 Bb5 22. b3 Nc6 23. Rd1 Qe7 24. g4 Nh4 25. Bd6 Nxf3+ 26. Bxf3 Qf6 27. Kg2 Rd8 28. Qxc5 Bxc4 29. bxc4 Nb8 30. Be7 1-0

[Event "Cap d'Agde Express Poule-A"]
[Site "Cap d'Agde"]
[Date "2022.11.05"]
[Round "3"]
[White "Sasikiran, Krishnan"]
[Black "Edouard, Romain"]
[Result "0-1"]
[WhiteElo "2636"]
[BlackElo "2548"]
[PlyCount "94"]
[EventDate "2022.11.05"]
[EventType "tourn (blitz)"]
[EventRounds "7"]
[EventCountry "FRA"]
[EventCategory "12"]
[SourceTitle "EXT 2024"]
[Source "ChessBase"]
[SourceDate "2023.10.10"]
[SourceVersion "1"]
[SourceVersionDate "2023.10.10"]
[SourceQuality "1"]

1. d4 Nf6 2. c4 e6 3. Nf3 c5 4. e3 d5 5. Nc3 a6 6. cxd5 exd5 7. g3 Nc6 8. Bg2 Be7 9. 0-0 0-0 10. b3 Bg4 11. dxc5 Bxc5 12. Ne2 Qe7 13. Bb2 Rad8 14. Rc1 Ba7 15. Ned4 Ne5 16. h3 Bxd4 17. Bxd4 Nxf3+ 18. Bxf3 Bxh3 19. Re1 Ne4 20. Qe2 Qg5 21. Bg2 Bxg2 22. Kxg2 Rc8 23. Rh1 Qg6 24. a4 Rc6 25. Rxc6 Qxc6 26. Qh5 h6 27. Qg4 Qg6 28. Qxg6 fxg6 29. f3 Ng5 30. f4 Ne6 31. Rc1 Kf7 32. Be5 Ke7 33. g4 h5 34. Kg3 hxg4 35. Kxg4 Rh8 36. b4 Rh2 37. Rc8 Ra2 38. Rb8 Rxa4 39. Rxb7+ Kf8 40. f5 gxf5+ 41. Kxf5 Nd8 42. Ra7 Nc6 43. Bd6+ Ke8 44. Rb7 Ra3 45. Rxg7 Rxe3 46. Rc7 Nd4+ 47. Kg6 Re6+ 0-1